000 00807cab a22001935a 4500
001 L146545
008 090202e20090115xxkdo f 000 0 eng d
035 _a(Sirsi) u146545
041 0 _aeng
100 2 _aSpackman, Juliet
245 0 0 _aConstruction costs down as oil price plummets
260 _c2009
490 _aConstruction News
_v(7100) 15 January 2009, 18-19 (2)
520 _aReports construction costs of December 2008. Explains that building costs are 10.4 % lower as oil price reduces. Material costs fell by 12.2% in the third quarter of 2008. Labour costs decreased by 3.7%. Provides costs of construction: mean materials and labour prices of December 2008 and regional prices.
590 _aKA
651 4 _aUnited Kingdom
_y
690 _aBUILT ENVIRONMENT-BUILDING COSTS
942 _n0
999 _c81182
_d81182